000 00417nam a22001457a 4500
003 SGT
082 _a617.84
_bE24Y
100 _aYADAV, KM SHWETA
245 _aEFFECT OF HIGH INTENSITY INTERVAL TRAINING ON SLEEP DIFFICULTIES AND ASSOCIATED MENTAL HEALTH DURING TRANSITION MENOPAUSAL PHASE
260 _aGURUGRAM
_bSGT UNIVERSITY
_c2024
300 _a90
650 _aNEUROLOGY
653 _aMPT
942 _2ddc
_cTH
999 _c32171
_d32171